Una tierra Argentina las Islas Malvinas
Na minha lista:
| Autor principal: | |
|---|---|
| Formato: | Livro |
| Idioma: | espanhol |
| Publicado em: |
Buenos Aires
Academia Nacional de la Historia
1982
|
| Colecção: | Biblioteca de Historia Argentina y Americana
|
| Assuntos: | |
| Tags: |
Adicionar Tag
Sem tags, seja o primeiro a adicionar uma tag!
|
MARC
| LEADER | 00000cam a2200000 a 4500 | ||
|---|---|---|---|
| 001 | UCO3105 | ||
| 003 | CL-VaPUC | ||
| 008 | 000714e19820000AG |||||||||||||||||spa|d | ||
| 082 | 0 | 4 | |a 982.971 |b CAI |2 21 |
| 100 | 0 | |a Caillet-Bois, Ricardo R |e author |9 446967 | |
| 245 | 1 | 4 | |a Una tierra Argentina las Islas Malvinas |
| 300 | |a 453 p | ||
| 942 | |c BK | ||
| 945 | |d 20000714 00:00:00 |a rherrera | ||
| 260 | |a Buenos Aires |b Academia Nacional de la Historia |c 1982 | ||
| 650 | 0 | |a Historia de Argentina |9 319851 | |
| 650 | 7 | |a DESCUBRIMIENTO |2 CL-VaPUC |9 321428 | |
| 650 | 0 | |a Relaciones Internacionales |9 255740 | |
| 651 | 0 | |a Islas Malvinas |9 398475 | |
| 651 | 0 | |a Argentina |9 254888 | |
| 651 | 0 | |a Inglaterra |9 255158 | |
| 583 | |a last modification |c 20151103 12:14:19 |k Rodrigo Vera | ||
| 490 | 0 | |a Biblioteca de Historia Argentina y Americana | |
| 999 | |c 289575 |d 289573 | ||
| 952 | |0 0 |1 0 |4 0 |6 982_971000000000000_CAI_1982 |7 0 |8 A |9 338131 |a BIBHIS |b BIBHIS |d 2019-11-20 |i 1289993 |o 982.971 CAI 1982 |p 1289993 |r 2025-01-20 |w 2019-11-20 |y BK |k HIS | ||
| 952 | |0 0 |1 0 |3 erb |4 0 |6 982_971000000000000_CAI_1982 |7 0 |8 A |9 338132 |a BIBHIS |b BIBHIS |i 5210003 |o 982.971 CAI 1982 |p 5210003 |r 2025-01-20 |w 2019-11-20 |y BK |z Catalogado en:20151106 |k HIS | ||